000 00912nam a22001817a 4500
999 _c57729
_d57729
003 Ge_BSU
005 20201019124910.0
008 201019s2020 ge ||||| |||| 00| 0 geo d
041 _ageo
080 _a352(479.22)(094.4) ს-32
245 _aსაქართველოს ორგანული კანონი :
_bადგილობრივი თვითმმართველობის კოდექსი. 2020 წლის 9 ივნისის მდგომარეობით :
264 _aთბილისი :
_bბონა კაზა,
_c2020.
300 _a183 გვ.
_b20 სმ.
490 _aიურისტის ბიბლიოთეკა
653 _aსაქართველოს ადგილობრივი თვითმმართველობის კოდექსი
653 _aსამართალი
942 _2udc
_cBK